LEADER 01103nam a2200277 4500 001 000000344590 003 CaOOAMICUS 005 20210311122101.0 008 210301s2011 it 000 u ita r 020 $a978-88-498-2896-2 040 $aSeMil$bita 100 1 $aGervaso, Roberto,$d<1937- >.$0(OLS)http://semarc/name/14877 245 10$aNerone /$cRoberto Gervaso. 264 1$aSoveria Mannelli :$bRubbettino,$c2011. 300 $a205 p. ;$c23 cm 490 1 $aStorie gold ;$v4 600 04$aNerone .$0(OLS)http://semarc/subject/17175 650 4$aStoria romana.$0(OLS)http://semarc/subject/17020 830 0$aStorie gold ;$v4.$0(OLS)http://semarc/title/433636 850 $aSeMil 852 $aSeMil$W1$xVenegono$y1$m3S III 25$j225207$B235643$CSeMilBibl$Z2$F235643 $81 961 $aPerego don Stefano - Omaggio 996 $6020$a978-88-498-2896-2$9(OLS)http://semarc/number/292476 996 $6245$aNerone$9(OLS)http://semarc/title/52373 996 $6264$aSoveria Mannelli :$bRubbettino$9(OLS)http://semarc/publisher/32145 LEADER 00900nam a2200181 i 4500 001 000000198268 003 CaOOAMICUS 005 20110228000000.0 008 110228s1927 it u000 u ita u 013 $a176956 040 $aSeMil$bita 245 10$aParte speciale :$bDiritti di famiglia (Il matrimonio ; La filiazione legittima) 300 $a640 p. 700 1 $aPacifici-Mazzoni, Emidio.$0(OLS)http://semarc/name/8490 773 0 $aPacifici-Mazzoni, Emidio$tIstituzioni di diritto civile italiano.$bristampa della 5. edizione corredata con note rivedute ed ampliate di dottrina e giurisprudenza.$dTorino : Unione Tipografico-Editrice Torinese, 1929.$gVol.7$w()24440 850 $aSeMil 852 $aSeMil$W1$xVenegono$y1$m3L IV 31$j148824$B148824$CSeMilBibl$Z2$F160241 $81 996 $6245$aParte speciale :$bDiritti di famiglia (Il matrimonio ; La filiazione legittima)$9(OLS)http://semarc/title/286445 LEADER 00460nab a2200145 i 4500 001 000000313455 003 CaOOAMICUS 005 20180831173112.0 008 180831n xx uu u0 0und r 013 $a22545 040 $aSeMil$bita 100 1 $aMeda, Filippo,$d<1869-1939>.$0(OLS)http://semarc/name/53541 245 13$aIl Sionismo e la Palestina. 773 0 $t[Luglio-Dicembre].$g292-296$w()274231 996 $6245$aIl Sionismo e la Palestina$9(OLS)http://semarc/title/387723